BUBT Library Online Catalog

Business for the 21th Century (Record no. 181)

000 -LEADER
fixed length control field 00750nam a22002777a 4500
003 - CONTROL NUMBER IDENTIFIER
control field BUBTL
008 - FIXED-LENGTH DATA ELEMENTS--GENERAL INFORMATION
fixed length control field 130422b xxu||||| |||| 00| 0 eng d
020 ## - INTERNATIONAL STANDARD BOOK NUMBER
International Standard Book Number 0-256-09222-2
024 ## - OTHER STANDARD IDENTIFIER
Terms of availability available
037 ## - SOURCE OF ACQUISITION
Terms of availability available
082 ## - DEWEY DECIMAL CLASSIFICATION NUMBER
Edition number 22
Classification number 338.5443 SKB
100 ## - MAIN ENTRY--PERSONAL NAME
Personal name Skinner, Steven J
110 ## - MAIN ENTRY--CORPORATE NAME
Corporate name or jurisdiction name as entry element Ivancevich, John M
245 ## - TITLE STATEMENT
Title Business for the 21th Century
260 ## - PUBLICATION, DISTRIBUTION, ETC. (IMPRINT)
Place of publication, distribution, etc. USA
Name of publisher, distributor, etc. Von Hoffman Press
Date of publication, distribution, etc. 2003
300 ## - PHYSICAL DESCRIPTION
Extent 23.5 cm
Other physical details 864 page
Type of unit 05
Size of unit 23.5 cm
600 ## - SUBJECT ADDED ENTRY--PERSONAL NAME
Personal name Business Forecastng
610 ## - SUBJECT ADDED ENTRY--CORPORATE NAME
Corporate name or jurisdiction name as entry element Twenty First Century Forecasts
700 ## - ADDED ENTRY--PERSONAL NAME
Personal name Skinner, Steven J
710 ## - ADDED ENTRY--CORPORATE NAME
Corporate name or jurisdiction name as entry element Ivancevich, John M
856 ## - ELECTRONIC LOCATION AND ACCESS
Password 0
Logon 0
Link text Download
270 ## - ADDRESS
Address USA
City USA
Country USA
365 ## - TRADE PRICE
Price amount 200.00
Unit of pricing 200.00
942 ## - ADDED ENTRY ELEMENTS (KOHA)
Source of classification or shelving scheme
Koha item type Books

No items available.

More Information About Library

Library Hours

  • Open: 9.00 am. to 9.00 pm.
  • Only Sunday: 9.00 am. to 6.00 pm.
  • Closed: Holiday

Contact to the University

Bangladesh University of Business and Technology Library

  • Mirpurl-2, 1216.
  • Phone:
  • Fax:
  • E-Mail: admin.library@bubt.edu.bd

Contact to the Library

Contact Person:

Md. Abdul Hakim Shah
Joint Librarian
PABX No:  113
Cell No: 01816332931
E-mail: official: admin.library@bubt.edu.bd
Personal: hakim.shah@bubt.edu.bd


BUBT Library

Copyright © 2021